000 00988nam a2200217 a 4500
003 OSt
005 20150408114126.0
008 130227s2013 ua a g 000 0 ara d
020 _a9789773373669
040 _aMA_UN
082 0 4 _221
_a651.53
_bم ر ا
110 2 _aمركز الخبرات المهنية للإدارة (القاهرة)
245 1 0 _aتقليص العمل الورقي /
_cإعداد المادة العلمية خبراء مركز الخبرات المهنية للإدارة .. بميك ؛ المستشار العلمي عبد الرحمن توفيق.
260 _aالقاهرة :
_bبميك،
_c2013
_m[1434]
300 _a78 ص. ؛
_c30 سم.
490 1 _aالمناهج التدريبية المتكاملة
650 7 _2aucsh
_aالأرشيف والمحفوظات
_914073
_xإدارة
700 1 _aتوفيق، عبد الرحمن
_eمشرف.
_934315
830 2 _aالمناهج التدريبية المتكاملة (بميك)
_934375
942 _2ddc
_cBOOK
999 _c29078
_d263578